Metódy fondovania v európskych penzijných schémach

Ohodnocovanie penzijných schém ako hlavná úloha aktuára vo všetkých krajinách EÚ. Dávkovo definované penzijné schémy. Metódy fondovania. Termíny používané v aktuárskej praxi - ich vymedzenie. Základné fázy aktuárskych výpočtov. Jednotlivé metódy fondovania v praxi - praktické výpočty.

Uložené v:
Podrobná bibliografia
Hlavný autor: Bilíková, Mária, 1951-
Ďalší autori: Peller, František
Médium: Kapitola
Jazyk:Slovak
Predmet:
Tagy: Pridať tag
Žiadne tagy, Buďte prvý, kto otaguje tento záznam!

MARC

LEADER 00000naa$a2200000$$$4500
001 0011006
005 20220628132450.5
041 0 |a slo 
044 |a SK 
245 1 0 |a Metódy fondovania v európskych penzijných schémach  |c Mária Bilíková, František Peller 
520 |a Ohodnocovanie penzijných schém ako hlavná úloha aktuára vo všetkých krajinách EÚ. Dávkovo definované penzijné schémy. Metódy fondovania. Termíny používané v aktuárskej praxi - ich vymedzenie. Základné fázy aktuárskych výpočtov. Jednotlivé metódy fondovania v praxi - praktické výpočty. 
610 2 0 |a penzie 
610 2 0 |a fondy penzijné 
610 2 0 |a metódy 
610 2 0 |a metódy aktuárske 
610 2 0 |a modely 
100 1 |a Bilíková, Mária, 1951- 
700 1 |a Peller, František